000 00313nam a2200145Ia 4500
999 _c14034
_d14034
003 OSt
005 20260401123837.0
008 260210s9999 xx 000 0 und d
020 _a9780785822714
082 _a722
100 _aAnderson
245 0 _aWorld Architecture
260 _bChartwell
942 _cPG
_2ddc